| 000 | 00378nam a22001577a 4500 | ||
|---|---|---|---|
| 003 | SGT | ||
| 020 | _a9354511813 | ||
| 082 |
_a615 _bA21J |
||
| 100 | _aGOEL, PREM,R. | ||
| 245 | _aA TEXT BOOK OF AUDIT AND REGULATORY COMPLIANCE | ||
| 250 | _a1ST | ||
| 260 |
_aPUNE _bNIRALI PRAKASHAN _c2021 |
||
| 650 | _aPHARMACY | ||
| 653 | _aAUDIT , REGULATORY, COMPLIANCE | ||
| 942 |
_2ddc _cBK |
||
| 999 |
_c26980 _d26980 |
||